00000000cam 2200000zi 4500
0019.939942
003CaOODSP
00520260429140310
006m     o  d f      
007cr mn|||||||||
008240627t20242024onca    obu  f000 0 eng d
020 |a9780660725550
040 |aCaOODSP|beng|erda|cCaOODSP
043 |an-cn---
0861 |aT52-4/255-2024E-PDF
24500|aFlight attendant training standard.
250 |aThird edition.
264 1|a[Ottawa] : |bTransport Canada = Transports Canada, |c2024.
264 4|c©2024
300 |a1 online resource (132 pages) : |billustrations
336 |atext|btxt|2rdacontent
337 |acomputer|bc|2rdamedia
338 |aonline resource|bcr|2rdacarrier
500 |aIssued also in French under title: Norme de formation des agents de bord.
500 |aThe publication file in PDF format was replaced on 30-01-2026 as requested by Transport Canada.
500 |a"TP 12296E (12/2025)."
500 |a"Effective December 1, 2025."
504 |aIncludes bibliographical references.
520 |a"This manual is referred to as the Flight Attendant Training Standard in sections 705.109 and 705.124 of the Canadian Aviation Regulations (CARs). It contains the standards, policies, procedures and guidelines that pertain to the development of an air operator's flight attendant training program. It is published for use by air operators and Transport Canada Civil Aviation Safety Inspectors (CASIs). The Flight Attendant Training Standard identifies subjects that shall be contained within an air operator's flight attendant training program. Given the large number of variables involved in flight operations applicable to flight attendants, it is difficult to prescribe a solution for every situation that may arise. Therefore, air operators shall develop their flight attendant training program, applicable to their operation, with any additional information should it be required"--Foreword, page 3.
650 0|aFlight attendants|xTraining of|xStandards|zCanada.
650 0|aAeronautics|xSafety measures|xStandards|zCanada.
655 7|aStandards (Reference works)|2lcgft
7101 |aCanada. |bTransport Canada, |eissuing body.
77508|tNorme de formation des agents de bord.|w(CaOODSP)9.939943
795 |tFlight attendant training standard.|bSecond edition|w(CaOODSP)9.962365
85640|qPDF|s767 KB|uhttps://publications.gc.ca/collections/collection_2024/tc/T52-4-255-2024-eng.pdf
986 |aTP 12296E